000 02667 a2200241 4500
003 NALT
005 20240401153430.0
008 240306b th ||||| |||| 00| 0 tha d
020 _a9786168198681
040 _aNALT
050 _aLB 1060
_bก768ร 2565
100 0 _aเกรียงศักดิ์ เจริญวงศ์ศักดิ์
_946
245 1 0 _aรู้แจ้ง : เรียนรู้วิถีปราชญ์ =
_bWisdom learning : sage path /
_cเกรียงศักดิ์ เจริญวงศ์ศักดิ์
246 3 1 _aWisdom learning :
_bsage path.
260 _aกรุงเทพ ฯ :
_bซัคเซส,
_c2565.
300 _a245 หน้า :
_bภาพประกอบ ;
_c21 ซม.
505 0 _aคำนำ -- จาก นักปรัชญา สู่ นักปราชญ์ -- นักปรัชญา VS นักปราชญ์ ความเหมือนที่แตกต่าง -- เรียนรู้วิถีปราชญ์ : ตั้งคำถาม 4 ระบอบ ระบอบเทวะ ระบอบธรรมชาติ ระบอบชุมชน ระบอบมนุษย์ -- เรียนรู้วิถีปราชญ์ : จาก ความรัก สู่ การแสวงหา -- เรียนรู้วิถีปราชญ์ : เป็น นักเรียน 'เชิงรุก' ตลอดชีวิต -- เรียนรู้วิถีปราชญ์ : เรียนรู้ด้วยความถ่อมใจ -- เรียนรู้วิถีปราชญ์ : ฝึกญาณตระหนักรู้ ผ่าน "กระบวนธรรมะ -ปัญญา - รู้ - คิด" -- เรียนรู้วิถีปราชญ์ : เรียนรู้การใช้เหตุผล -- เรียนรู้วิถีปราชญ์ : เรียนรู้ให้ ปัญญา นำ ศรัทธา -- เรียนรู้วิถีปราชญ์ : เรียนรู้ผ่านประสบการณ์ -- บทส่งท้าย เรียนรู้วิถีปราชญ์ : เรียนรู้จักตนเอง -- บรรณานุกรม -- ดรรชนี.
650 0 _aการเรียนรู้
_94287
650 4 _aปรัชญา
_922517
942 _2lcc
_cGB
996 _asaiphon.d
_bCATSTF
_c2024-03-06
999 _c104672
_d104672
998 _j111
_k นางสาวพจพิณ พรมเอี่ยม